Kleine Nationen an WM - Statistiken

Allgemein
  • Dieses Quiz wurde 68 mal gespielt
  • Das Durchschnittsergebnis liegt bei 9 aus 18
Antwortstatistiken
Einwohner Jahr Antwort % Korrekt
150'000 2026 Curacao
82%
350'000 2018 Island
82%
530'000 2026 Kap Verde
67%
2'930'000 2022 Katar
62%
1'300'000 2006 Trinidad und Tobago
62%
2'530'000 1998 Jamaika
61%
3'190'000 1982 Neuseeland
51%
1'730'000 1930 Uruguay
51%
3'080'000 1990 Costa Rica
48%
1'960'000 2002 Slowenien
43%
1'860'000 1990 Vereinigte Arabische Emirate
43%
1'410'000 1958 Nordirland
41%
1'520'000 1982 Kuwait
39%
2'620'000 1958 Wales
38%
3'020'000 1970 Israel
36%
860'000 1930 Paraguay
28%
2'300'000 1930 Bolivien
20%
2'890'000 1934 Norwegen
11%
Keine übereinstimmenden Quizze gefunden
Verteilung der Resultate
Anzahl Personen mit jedem Resultat
Perzentil nach korrekt beantworteten Fragen
Ihre Resultats-Entwicklung
Sie haben dieses Quiz noch nicht gespielt